[Event "ECU-ch"]
[Site "Quito"]
[Date "2023.06.22"]
[Round "4"]
[White "Murillo Coloma, Sergio Andres"]
[Black "Munoz Sanchez, Jhon Marcelo"]
[Result "0-1"]
[WhiteElo "1465"]
[BlackElo "2132"]
[PlyCount "96"]
[EventDate "2023.06.21"]
[EventType "swiss"]
[EventRounds "9"]
[EventCountry "ECU"]
[SourceTitle "CBM 215 Extra"]
[Source "ChessBase"]
[SourceDate "2023.09.30"]
[SourceVersion "1"]
[SourceVersionDate "2023.09.30"]
[SourceQuality "1"]

1. c4 Nf6 2. Nf3 e6 3. Nc3 d5 4. e3 Be7 5. Be2 0-0 6. 0-0 c5 7. cxd5 exd5 8. d4 Nc6 9. b3 Ne4 10. Bb2 Bf6 11. Rc1 cxd4 12. Nxd4 Nxd4 13. exd4 Bf5 14. Bf3 Rc8 15. Bxe4 dxe4 16. Ne2 Qb6 17. Ng3 Bg6 18. Qd2 h6 19. Rxc8 Rxc8 20. Rd1 Kh7 21. Qe2 Qa6 22. Qxa6 bxa6 23. Rc1 Rxc1+ 24. Bxc1 Bxd4 25. Be3 Bb6 26. h4 f5 27. h5 Bf7 28. Nxf5 Bxh5 29. Nd6 Kg6 30. Nxe4 Bd1 31. Nc3 Bxe3 32. fxe3 Bc2 33. Na4 Kf5 34. Kf2 h5 35. Nc5 a5 36. Nb7 a4 37. bxa4 Bxa4 38. Nc5 Bc6 39. Nb3 Bd5 40. Nd4+ Ke4 41. Nb5 a5 42. Nc3+ Ke5 43. g3 Be6 44. a3 g5 45. Kf3 Bd7 46. Ke2 Kd6 47. Kd3 h4 48. gxh4 gxh4 0-1

[Event "ECU-ch U18"]
[Site "Riobamba"]
[Date "2023.04.13"]
[Round "3"]
[White "Murillo Coloma, Sergio Andres"]
[Black "Nagua Valladares, Kevin Joel"]
[Result "1-0"]
[WhiteElo "1465"]
[BlackElo "1234"]
[PlyCount "137"]
[EventDate "2023.04.12"]
[EventType "swiss"]
[EventRounds "9"]
[EventCountry "ECU"]
[SourceTitle "EXT 2024"]
[Source "ChessBase"]
[SourceDate "2023.10.10"]
[SourceVersion "1"]
[SourceVersionDate "2023.10.10"]
[SourceQuality "1"]

1. c4 Nf6 2. Nf3 g6 3. b3 Bg7 4. Bb2 0-0 5. e3 d6 6. d4 c6 7. Be2 Na6 8. 0-0 Nc7 9. Nbd2 b5 10. b4 a6 11. Qc2 Bb7 12. Nb3 Rc8 13. c5 d5 14. Rfe1 Nd7 15. a4 Ra8 16. axb5 axb5 17. Rxa8 Bxa8 18. Ra1 Re8 19. Qb1 e5 20. dxe5 Nxe5 21. Nxe5 Bxe5 22. Bxe5 Rxe5 23. Ra7 Re8 24. Nd4 Ne6 25. Qa1 Nxd4 26. Qxd4 Qb8 27. Qa1 Bb7 28. Bd3 Bc8 29. h3 Be6 30. Qa5 Qd8 31. Qb6 Qxb6 32. cxb6 Rb8 33. b7 Kg7 34. e4 Kf6 35. Ra6 Ke5 36. Rxc6 dxe4 37. Rc5+ Kd4 38. Bxb5 Rxb7 39. h4 Bd7 40. Rc4+ Ke5 41. Rc5+ Kd4 42. Rc4+ Ke5 43. Bxd7 Rxd7 44. h5 Rd1+ 45. Kh2 Rb1 46. Rc5+ Kf6 47. hxg6 hxg6 48. Rb5 Rb2 49. Kg3 Rb3+ 50. Kf4 Rb2 51. Ke3 Kg7 52. Rb7 Kf6 53. Rb6+ Kg5 54. Rb5+ f5 55. g3 Rb3+ 56. Ke2 Kg4 57. Rb8 Rb2+ 58. Ke3 Rb3+ 59. Ke2 Rb2+ 60. Ke3 g5 61. b5 f4+ 62. gxf4 gxf4+ 63. Kxe4 Re2+ 64. Kd3 Kf3 65. b6 Kxf2 66. Rf8 Re3+ 67. Kc4 Re4+ 68. Kc3 Re3+ 69. Kd4 1-0

[Event "South America-ch U16 17th"]
[Site "Guayaquil"]
[Date "2022.01.28"]
[Round "6"]
[White "Murillo Coloma, Sergio Andres"]
[Black "Montevilla Cahuasa, Elias Alejandro"]
[Result "1-0"]
[WhiteElo "1356"]
[BlackElo "1412"]
[PlyCount "67"]
[EventDate "2022.01.25"]
[EventType "swiss"]
[EventRounds "9"]
[EventCountry "ECU"]
[SourceTitle "CBM 206 Extra"]
[Source "ChessBase"]
[SourceDate "2022.03.31"]
[SourceVersion "1"]
[SourceVersionDate "2022.03.31"]
[SourceQuality "1"]

1. c4 e5 2. Nc3 Nf6 3. Nf3 Nc6 4. a3 d5 5. cxd5 Nxd5 6. Qc2 Be6 7. e3 Bd6 8. Bb5 0-0 9. Nxd5 Bxd5 10. e4 Be6 11. Bxc6 bxc6 12. Qxc6 Bd7 13. Qc3 Bb5 14. a4 Ba6 15. b4 Qe7 16. b5 Bb7 17. Qc2 f5 18. d3 fxe4 19. dxe4 Bb4+ 20. Bd2 Kh8 21. 0-0 Bxd2 22. Nxd2 a6 23. Qc4 axb5 24. axb5 Rad8 25. Nf3 Rf4 26. Ra7 Rxe4 27. Qc2 Rb8 28. Rxb7 Rxb7 29. Qxe4 Rb8 30. Ra1 Qc5 31. Qxe5 Qc4 32. h3 h6 33. Ra7 Rxb5 34. Qxc7 1-0

[Event "South America-ch U16 17th"]
[Site "Guayaquil"]
[Date "2022.01.26"]
[Round "2"]
[White "Murillo Coloma, Sergio Andres"]
[Black "Reyes Zavaleta, Fabian Ricardo"]
[Result "0-1"]
[WhiteElo "1356"]
[BlackElo "1738"]
[PlyCount "100"]
[EventDate "2022.01.25"]
[EventType "swiss"]
[EventRounds "9"]
[EventCountry "ECU"]
[SourceTitle "CBM 206 Extra"]
[Source "ChessBase"]
[SourceDate "2022.03.31"]
[SourceVersion "1"]
[SourceVersionDate "2022.03.31"]
[SourceQuality "1"]

1. c4 e6 2. Nf3 d5 3. e3 Nf6 4. Nc3 Be7 5. b3 0-0 6. Bb2 c5 7. cxd5 exd5 8. d4 Nc6 9. Be2 Be6 10. 0-0 Ne4 11. Rc1 cxd4 12. Nxd4 Nxd4 13. Qxd4 Bf6 14. Qb4 Qb6 15. Qb5 Qxb5 16. Bxb5 Rac8 17. Nxe4 Bxb2 18. Rb1 dxe4 19. Rxb2 Rfd8 20. h3 g6 21. Re1 f5 22. Kh2 Kf7 23. Kg3 Kf6 24. Be2 Rc3 25. h4 h6 26. Rd1 Rxd1 27. Bxd1 g5 28. hxg5+ hxg5 29. Kh2 Rc1 30. Be2 f4 31. Rd2 fxe3 32. fxe3 Rc3 33. Kg1 Rxe3 34. Kf2 Rc3 35. Ke1 Ke5 36. Rd8 Rc1+ 37. Kf2 Bd5 38. Ke3 Rc3+ 39. Kd2 Rg3 40. Re8+ Kd4 41. Bf1 e3+ 42. Kc1 Bxg2 43. Rd8+ Kc5 44. Rc8+ Bc6 45. Be2 g4 46. a3 Rg1+ 47. Kc2 g3 48. Rg8 g2 49. Rg5+ Kb6 50. a4 Ra1 0-1

[Event "ECU Clasif2 U20"]
[Site "Chess.com INT"]
[Date "2020.12.18"]
[Round "2"]
[White "Mollo, Jhoan"]
[Black "Murillo Coloma, Sergio Andres"]
[Result "1-0"]
[WhiteElo "2073"]
[BlackElo "1431"]
[PlyCount "101"]
[EventDate "2020.12.18"]
[EventType "swiss"]
[EventRounds "9"]
[EventCountry "ECU"]
[SourceTitle "EXT 2022"]
[Source "ChessBase"]
[SourceDate "2021.10.06"]
[SourceVersion "1"]
[SourceVersionDate "2021.10.06"]
[SourceQuality "1"]

1. d4 Nf6 2. Bf4 e6 3. e3 c5 4. c3 Nc6 5. Nd2 Be7 6. h3 0-0 7. Ngf3 b6 8. Bd3 Bb7 9. 0-0 Rc8 10. Qe2 cxd4 11. exd4 d6 12. Ne4 Qd7 13. Nxf6+ Bxf6 14. Bg5 Bxg5 15. Nxg5 h6 16. Ne4 Ne7 17. Rae1 Nd5 18. f4 Ne7 19. Ng3 Qc6 20. Be4 Qc7 21. Bd3 Qc6 22. f5 Nxf5 23. Bxf5 exf5 24. Nxf5 Rce8 25. Qg4 g6 26. Ne7+ Rxe7 27. Rxe7 Kg7 28. Qf3 Qxf3 29. gxf3 Ba6 30. Rfe1 Bc4 31. b3 Be6 32. Rxa7 Bxh3 33. c4 h5 34. Kh2 Bf5 35. Rb7 g5 36. Rxb6 Rd8 37. a4 g4 38. fxg4 hxg4 39. a5 Bc2 40. a6 f5 41. Kg3 Kg6 42. Kf4 Be4 43. c5 Kf7 44. Rxd6 Ra8 45. b4 Ke7 46. b5 g3 47. Rxe4+ fxe4 48. Kxg3 Rf8 49. a7 e3 50. Rd5 Rf6 51. a8Q 1-0

[Event "ECU Clasif1 U20"]
[Site "Chess.com INT"]
[Date "2020.12.17"]
[Round "8"]
[White "Castillo Gonzalez, Thomas Davis"]
[Black "Murillo Coloma, Sergio Andres"]
[Result "1-0"]
[WhiteElo "1816"]
[BlackElo "1431"]
[PlyCount "153"]
[EventDate "2020.12.17"]
[EventType "swiss"]
[EventRounds "9"]
[EventCountry "ECU"]
[SourceTitle "EXT 2022"]
[Source "ChessBase"]
[SourceDate "2021.10.06"]
[SourceVersion "1"]
[SourceVersionDate "2021.10.06"]
[SourceQuality "1"]

1. c4 e6 2. Nc3 Nf6 3. Nf3 Be7 4. d4 d5 5. Bg5 0-0 6. e3 c5 7. dxc5 Bxc5 8. cxd5 exd5 9. Bxf6 Qxf6 10. Qxd5 Bb4 11. Qb3 Nc6 12. Be2 Be6 13. Qc2 Bxc3+ 14. Qxc3 Qxc3+ 15. bxc3 Rac8 16. 0-0 Na5 17. Rac1 Bc4 18. Bxc4 Nxc4 19. Nd4 h6 20. Rfd1 Nb2 21. Rd2 Na4 22. c4 Rc7 23. Nb5 Rc5 24. Nxa7 Ra8 25. Nb5 Rac8 26. Rdc2 Nb6 27. Nd6 R8c7 28. g3 R5c6 29. c5 Na4 30. Nb5 Rc8 31. Na7 Rb8 32. Nxc6 bxc6 33. Rd1 Rb5 34. Rd6 Nxc5 35. Rxc6 Ne4 36. a4 Ra5 37. R2c4 Nd2 38. Rb4 h5 39. Kg2 h4 40. gxh4 Ra8 41. Rd6 Nb1 42. Rxb1 Rxa4 43. Kg3 Ra8 44. Rd7 Ra6 45. Rb8+ Kh7 46. Rxf7 Ra3 47. Rbb7 Kh8 48. Rxg7 Rxe3+ 49. Kg2 Rg3+ 50. Kf1 Rg1+ 51. Ke2 Re1+ 52. Kd3 Rd1+ 53. Kc4 Rc1+ 54. Kd5 Rd1+ 55. Ke5 Re1+ 56. Kf6 Re6+ 57. Kf7 Rf6+ 58. Ke8 Rf8+ 59. Ke7 Re8+ 60. Kd7 Rd8+ 61. Ke6 Rd6+ 62. Ke7 Re6+ 63. Kd8 Re8+ 64. Kc7 Rc8+ 65. Kb6 Rc6+ 66. Ka7 Ra6+ 67. Kb8 Ra8+ 68. Kc7 Rc8+ 69. Kd6 Rc6+ 70. Ke5 Re6+ 71. Kf4 Rf6+ 72. Kg3 Rf3+ 73. Kg4 Rf4+ 74. Kh5 Rf5+ 75. Rg5 Rf7 76. Rgb5 Rf6 77. Kg5 1-0

[Event "ECU Clasif1 U20"]
[Site "Chess.com INT"]
[Date "2020.12.17"]
[Round "5"]
[White "Murillo Coloma, Sergio Andres"]
[Black "Aspiazu Sibri, Marlon Steven"]
[Result "0-1"]
[WhiteElo "1431"]
[BlackElo "1957"]
[PlyCount "159"]
[EventDate "2020.12.17"]
[EventType "swiss"]
[EventRounds "9"]
[EventCountry "ECU"]
[SourceTitle "EXT 2022"]
[Source "ChessBase"]
[SourceDate "2021.10.06"]
[SourceVersion "1"]
[SourceVersionDate "2021.10.06"]
[SourceQuality "1"]

1. c4 Nf6 2. b3 g6 3. Bb2 Bg7 4. e3 d6 5. Nf3 0-0 6. Be2 e5 7. 0-0 Nbd7 8. d4 Re8 9. Nc3 c6 10. Rc1 Qc7 11. Re1 Nf8 12. d5 h6 13. Bf1 N6h7 14. dxc6 bxc6 15. Ne4 Rd8 16. Ba3 c5 17. Qd2 f5 18. Ng3 e4 19. Nh4 Qe7 20. Nxg6 Nxg6 21. Qd5+ Be6 22. Qc6 Ne5 23. Qa6 Ng5 24. Red1 Ngf7 25. Rd2 Rf8 26. Rcd1 Qg5 27. Ne2 Ng6 28. Nf4 Nxf4 29. exf4 Qxf4 30. g3 Qg5 31. Bg2 Bd4 32. Kh1 h5 33. h4 Qf6 34. Qb7 Qe5 35. Qa6 Kh8 36. Qa4 Rg8 37. Re2 Rg7 38. Qa5 Rag8 39. Qd2 Qf6 40. Qe1 Be5 41. Red2 Nd8 42. Qe2 Nc6 43. Qxh5+ Rh7 44. Qe2 Nd4 45. Qe3 f4 46. Qxe4 fxg3 47. fxg3 Rxg3 48. Rf1 Qg6 49. Qa8+ Bg8 50. Qf8 Rxh4+ 51. Kg1 Ne6 52. Qf2 Qg7 53. Bb2 Bxb2 54. Rxb2 Qd4 55. Qxd4+ Nxd4 56. Rbf2 Rhg4 57. Kh2 Ne6 58. Re1 Ng5 59. Re8 Kg7 60. Rfe2 Ne6 61. Bd5 Nf4 62. Rxg8+ Kf6 63. Rxg4 Rxg4 64. Rf2 Ke5 65. Rf1 Nxd5 66. cxd5 Kxd5 67. Rc1 Kc6 68. Kh3 Rg7 69. a4 d5 70. Rf1 Rg6 71. Rd1 d4 72. Rd3 Kd5 73. Kh4 Ke4 74. Rd1 d3 75. Rc1 Kd4 76. b4 c4 77. b5 c3 78. a5 d2 79. Rd1 Kd3 80. Rh1 0-1

[Event "ECU Clasif1 U20"]
[Site "Chess.com INT"]
[Date "2020.12.17"]
[Round "7"]
[White "Murillo Coloma, Sergio Andres"]
[Black "Echeverria Bravo, Juan Sebastian"]
[Result "1/2-1/2"]
[WhiteElo "1431"]
[BlackElo "1549"]
[PlyCount "101"]
[EventDate "2020.12.17"]
[EventType "swiss"]
[EventRounds "9"]
[EventCountry "ECU"]
[SourceTitle "EXT 2022"]
[Source "ChessBase"]
[SourceDate "2021.10.06"]
[SourceVersion "1"]
[SourceVersionDate "2021.10.06"]
[SourceQuality "1"]

1. c4 e5 2. Nc3 Nc6 3. Nf3 Nf6 4. e3 d5 5. cxd5 Nxd5 6. d4 exd4 7. exd4 Bb4 8. Bd2 0-0 9. Be2 Bg4 10. 0-0 Re8 11. h3 Bh5 12. Nxd5 Qxd5 13. Bxb4 Nxb4 14. Rc1 Nc6 15. Bc4 Bxf3 16. Bxd5 Bxd1 17. Bxc6 bxc6 18. Rfxd1 Re6 19. d5 cxd5 20. Rxc7 Rd6 21. Rc5 Rad8 22. Rc7 a6 23. a4 Rb6 24. Rxd5 Rdb8 25. Rdd7 Rf6 26. Rb7 Rc8 27. Rdc7 Re8 28. b4 g6 29. Re7 Rc8 30. b5 axb5 31. axb5 Rc1+ 32. Kh2 Rxf2 33. Re3 h5 34. b6 Rcc2 35. Rg3 Kg7 36. Rb8 Rb2 37. b7 h4 38. Rg4 f5 39. Rd4 Rxg2+ 40. Kh1 Rh2+ 41. Kg1 Rbg2+ 42. Kf1 Rb2 43. Rd7+ Kh6 44. Rh8+ Kg5 45. Kg1 Rbg2+ 46. Kf1 Rf2+ 47. Kg1 Rhg2+ 48. Kh1 Rh2+ 49. Kg1 Rfg2+ 50. Kf1 Rf2+ 51. Kg1 1/2-1/2

[Event "ECU-ch Schools U15 Clas2"]
[Site "Chess.com INT"]
[Date "2020.11.07"]
[Round "1"]
[White "Cando Tulcan, Pavel Erick"]
[Black "Murillo Coloma, Sergio Andres"]
[Result "1/2-1/2"]
[WhiteElo "1246"]
[BlackElo "1431"]
[PlyCount "100"]
[EventDate "2020.11.07"]
[EventType "swiss"]
[EventRounds "9"]
[EventCountry "ECU"]
[SourceTitle "EXT 2022"]
[Source "ChessBase"]
[SourceDate "2021.10.06"]
[SourceVersion "1"]
[SourceVersionDate "2021.10.06"]
[SourceQuality "1"]

1. e4 e6 2. d4 d5 3. exd5 exd5 4. Nc3 c6 5. Bd3 Bd6 6. Nge2 Nf6 7. Bf4 0-0 8. 0-0 Bg4 9. Bxd6 Qxd6 10. h3 Bh5 11. Qd2 Nbd7 12. Ng3 Bg6 13. Bxg6 hxg6 14. Rfe1 Rfe8 15. Re3 Rxe3 16. Qxe3 Re8 17. Qd2 Ne4 18. Ngxe4 dxe4 19. Re1 Nf6 20. a3 Rd8 21. Nxe4 Qxd4 22. Nxf6+ gxf6 23. Qxd4 Rxd4 24. Re8+ Kg7 25. Re7 Rd1+ 26. Kh2 Rd2 27. Rxb7 Rxc2 28. Rxa7 Rxb2 29. f3 Ra2 30. Rc7 Rxa3 31. Rxc6 Ra5 32. Rc4 g5 33. Kg3 Ra2 34. f4 Ra3+ 35. Kg4 Kg6 36. f5+ Kg7 37. g3 Rb3 38. Ra4 Rc3 39. Rd4 Rb3 40. Rc4 Rb1 41. Ra4 Rf1 42. Rc4 Re1 43. Ra4 Re5 44. Rd4 Ra5 45. Rb4 Rc5 46. Rd4 Ra5 47. Rb4 Rc5 48. Re4 Ra5 49. Rc4 Rb5 50. Rd4 Ra5 1/2-1/2

[Event "ECU-ch Schools U15 Clas1"]
[Site "Chess.com INT"]
[Date "2020.11.05"]
[Round "3"]
[White "Murillo Coloma, Sergio Andres"]
[Black "Vargas Salazar, Alvaro Matias"]
[Result "1-0"]
[WhiteElo "1431"]
[BlackElo "212"]
[PlyCount "95"]
[EventDate "2020.11.05"]
[EventType "swiss"]
[EventRounds "9"]
[EventCountry "ECU"]
[SourceTitle "EXT 2022"]
[Source "ChessBase"]
[SourceDate "2021.10.06"]
[SourceVersion "1"]
[SourceVersionDate "2021.10.06"]
[SourceQuality "1"]

1. c4 d5 2. e3 e6 3. Nf3 Nf6 4. Be2 Bd6 5. 0-0 Nc6 6. Nc3 0-0 7. b3 e5 8. cxd5 Ne7 9. d4 exd4 10. exd4 Nexd5 11. Bb2 Nxc3 12. Bxc3 Ne4 13. Bb2 Bg4 14. h3 Bxf3 15. Bxf3 Nf6 16. Bxb7 Rb8 17. Bf3 Re8 18. Re1 Qd7 19. Rc1 h6 20. Bc6 Rxe1+ 21. Qxe1 Qf5 22. Qd2 Ne4 23. Bxe4 Qxe4 24. Re1 Qf4 25. Qxf4 Bxf4 26. g3 Bd6 27. d5 Rb5 28. Rd1 Ra5 29. a4 Rc5 30. Ba3 Rc3 31. Bxd6 cxd6 32. b4 Rc4 33. Re1 Kf8 34. Rb1 Rd4 35. a5 Rxd5 36. b5 Rc5 37. b6 axb6 38. a6 Rc8 39. Rxb6 Ra8 40. Rxd6 Ke7 41. Rb6 Kd7 42. Rb7+ Ke6 43. a7 f6 44. Kg2 g5 45. Rh7 h5 46. Rxh5 Rxa7 47. Rh8 Kf7 48. Rh7+ 1-0

[Event "ECU-ch Schools U15 Clas1"]
[Site "Chess.com INT"]
[Date "2020.11.05"]
[Round "2"]
[White "Sanchez Muyulema, Anderson Isaac"]
[Black "Murillo Coloma, Sergio Andres"]
[Result "0-1"]
[WhiteElo "215"]
[BlackElo "1431"]
[PlyCount "50"]
[EventDate "2020.11.05"]
[EventType "swiss"]
[EventRounds "9"]
[EventCountry "ECU"]
[SourceTitle "EXT 2022"]
[Source "ChessBase"]
[SourceDate "2021.10.06"]
[SourceVersion "1"]
[SourceVersionDate "2021.10.06"]
[SourceQuality "1"]

1. e4 e6 2. Nf3 d5 3. exd5 exd5 4. d4 Bd6 5. Nc3 Nf6 6. Bb5+ c6 7. Ba4 0-0 8. 0-0 Bg4 9. h3 Bh5 10. Bg5 Nbd7 11. Qd3 Bg6 12. Qd2 Qc7 13. Bxf6 Nxf6 14. Rfe1 Bf4 15. Qd1 Rfe8 16. Rxe8+ Rxe8 17. g3 Bxg3 18. fxg3 Qxg3+ 19. Kf1 Qxh3+ 20. Kg1 Qg3+ 21. Kf1 Bh5 22. Qd3 Bxf3 23. Qd2 Ng4 24. Re1 Rxe1+ 25. Qxe1 Nh2# 0-1

[Event "Pan American-ch U14"]
[Site "Guayaquil"]
[Date "2019.07.25"]
[Round "7"]
[White "Murillo Coloma, Sergio Andres"]
[Black "Mahajan, Rushaan"]
[Result "0-1"]
[WhiteElo "1434"]
[BlackElo "1889"]
[PlyCount "72"]
[EventDate "2019.07.21"]
[EventType "swiss"]
[EventRounds "9"]
[EventCountry "ECU"]
[SourceTitle "EXT 2020"]
[Source "ChessBase"]
[SourceDate "2019.10.17"]
[SourceVersion "1"]
[SourceVersionDate "2019.10.17"]
[SourceQuality "1"]

1. c4 Nf6 2. b3 e6 3. Bb2 b6 4. Nf3 Bb7 5. e3 c5 6. Be2 Be7 7. 0-0 0-0 8. Nc3 d5 9. cxd5 Nxd5 10. Rc1 Bf6 11. d4 Nd7 12. Qd2 Qe7 13. dxc5 Nxc5 14. Nxd5 Bxd5 15. Bxf6 Qxf6 16. Qd4 Qe7 17. Rfd1 Rfd8 18. Qh4 Qxh4 19. Nxh4 a5 20. Nf3 a4 21. b4 Ne4 22. a3 Bb3 23. Rd4 Bd5 24. h3 Rdc8 25. Rxc8+ Rxc8 26. Rd1 f6 27. Bd3 Nd6 28. Nd4 Rc3 29. Nb5 Rxd3 30. Rxd3 Nxb5 31. f3 f5 32. Kf2 Kf8 33. Rd1 Ke7 34. Ke2 Bb3 35. Rc1 Kd7 36. Kd2 Nxa3 0-1

[Event "ECU-ch U16"]
[Site "Guayaquil"]
[Date "2019.04.21"]
[Round "8"]
[White "Velasco Pilpe, Isaias"]
[Black "Murillo Coloma, Sergio Andres"]
[Result "1/2-1/2"]
[WhiteElo "1543"]
[BlackElo "1393"]
[PlyCount "102"]
[EventDate "2019.04.17"]
[EventType "swiss"]
[EventRounds "9"]
[EventCountry "ECU"]
[SourceTitle "CBM 190 Extra"]
[Source "ChessBase"]
[SourceDate "2019.07.15"]
[SourceVersion "1"]
[SourceVersionDate "2019.07.15"]
[SourceQuality "1"]

1. c4 e6 2. Nc3 Nf6 3. g3 c5 4. Bg2 Nc6 5. e4 Be7 6. Nge2 0-0 7. 0-0 a6 8. d4 cxd4 9. Nxd4 Qc7 10. b3 Rd8 11. Be3 Qa5 12. Na4 Qh5 13. Qxh5 Nxh5 14. Rad1 Nf6 15. h3 h6 16. Nb6 Rb8 17. Bf4 d6 18. Nxc8 Rbxc8 19. Nxc6 bxc6 20. e5 dxe5 21. Bxe5 Nd7 22. Bd6 Kf8 23. Bf4 Bf6 24. Bd2 Nc5 25. Bb4 Be7 26. Rxd8+ Rxd8 27. Bxc6 Nd3 28. Bxe7+ Kxe7 29. Rd1 Nb4 30. Rxd8 Kxd8 31. Bb7 a5 32. a4 Nc2 33. Bf3 Kd7 34. Bd1 Nb4 35. Kf1 Kd6 36. Ke2 Ke5 37. Ke3 Kd6 38. f4 e5 39. Ke4 exf4 40. gxf4 f6 41. f5 Nc6 42. Be2 Nb4 43. Bd3 Nc6 44. h4 Kc5 45. Be2 Nd4 46. Bd1 Nc6 47. Kf4 Kd6 48. Ke4 Kc5 49. Kd3 Nb4+ 50. Ke3 Nc6 51. Kf4 Kd6 1/2-1/2

[Event "South American-ch U10"]
[Site "Santiago de Chile"]
[Date "2016.12.03"]
[Round "4.5"]
[White "Flores Aedo, Alexander Oliver M"]
[Black "Murillo Coloma, Sergio Andres"]
[Result "1-0"]
[WhiteElo "1500"]
[BlackElo "1289"]
[PlyCount "75"]
[EventDate "2016.12.01"]
[EventType "swiss"]
[EventRounds "9"]
[EventCountry "CHI"]
[SourceTitle "EXT 2022"]
[Source "ChessBase"]
[SourceDate "2021.10.06"]
[SourceVersion "1"]
[SourceVersionDate "2021.10.06"]
[SourceQuality "1"]

1. Nf3 d5 2. g3 Nc6 3. Bg2 e5 4. d3 Nf6 5. 0-0 Bf5 6. Bg5 h6 7. Bxf6 Qxf6 8. Nh4 Be6 9. Nc3 Qd8 10. a3 a5 11. Nf3 Bc5 12. e3 0-0 13. Nxe5 Nxe5 14. d4 Bxd4 15. Qxd4 Nc6 16. Qd2 Ne7 17. Rad1 c6 18. e4 dxe4 19. Nxe4 Qxd2 20. Rxd2 Bd5 21. Re1 Ng6 22. Nc5 Bxg2 23. Kxg2 b6 24. Nd7 Rfd8 25. Red1 Kh8 26. Nxb6 Rxd2 27. Rxd2 Rb8 28. Nc4 Rb5 29. a4 Rc5 30. b3 Ne5 31. Nxe5 Rxe5 32. Rd6 Rc5 33. c4 Kg8 34. Rd8+ Kh7 35. Kf3 Kg6 36. Ke4 Kf6 37. Rc8 Ke7 38. Kd4 1-0